000 00455nam a22001217a 4500
008 240520b |||||||| |||| 00| 0 eng d
050 _aLB1027.5
_b.K43 2018
100 _aKebati, Oigara Zachary
245 _aInfluence of implementation strategies of guidance and counselling programmes on bemaviour change of pupils in public primary schools in Kisii county, Kenya /
_cOigara Zachary Kebati
260 _c2018
300 _axvi, 215p.
942 _2lcc
_cTHE
999 _c20426
_d20425